banner-ar

مجلس التعاون الخليجى فى مثلث الوراثة والنفط والقوى الاجنبية / (Record no. 59851)

MARC details
000 -الفاتح
حقل البيانات ثابتة الطول 01019nam a22002297a 4500
005 - وقت وتاريخ اخر تعامل مع التسجيلة
رقم الضبط 20240530110339.0
008 - عناصر البيانات ثابتة الطول - معلومات عامة
حقل البيانات ثابتة الطول 141030s2011 le gr 001 0dara d
020 ## - الرقم الدولى المعيارى للكتب
الرقم الدولى المعيارى للكتاب 9789953823799
040 ## - مصدر الفهرسة
وكالة الفهرسة الأصلية EG-CaGPL
082 04 - رقم تصنيف ديوى العشرى
رقم الطبعة 21
رقم التصنيف 341.25\
رقم المادة ي م
100 0# - المدخل الرئيسى - إسم شخصى
الإسم الشخصى يوسف خليفة اليوسفى
245 10 - بيان العنوان
العنوان مجلس التعاون الخليجى فى مثلث الوراثة والنفط والقوى الاجنبية /
بيان المسئوليه,etc يوسف خليفة اليوسفى
260 ## - PUBLICATION, DISTRIBUTION, ETC. (IMPRINT)
تاريخ النشر أو التوزيع 2011
300 ## - الوصف المادى
التعداد 446 ص ؛
أبعاد الوعاء 24 سم
610 ## - المدخل الاضافى بالموضوع-اسم هيئة
اسم الهيئة أو اسم السلطة كمدخل مجلس التعاون الخليجى
650 04 - المدخل الاضافى بالموضوع-مصطلح موضوعى
مصطلح موضوعي العلاقات الخارجية
650 04 - المدخل الاضافى بالموضوع-مصطلح موضوعى
مصطلح موضوعي مجلس التعاون الخليجى
التقسيم الفرعي العام التنمية الاقتصادية
650 04 - المدخل الاضافى بالموضوع-مصطلح موضوعى
مصطلح موضوعي الامن القومى
التقسيم الفرعي العام مجلس التعاون الخليجى
650 04 - المدخل الاضافى بالموضوع-مصطلح موضوعى
مصطلح موضوعي النفط
التقسيم الفرعي العام مجلس التعاون الخليجى
942 ## - عناصر المدخل الإضافي( كوها)
مصدر التصنيف او مخطط الترفيف Dewey Decimal Classification
Koha [default] item type كتاب
260 ## - PUBLICATION, DISTRIBUTION, ETC. (IMPRINT)
-- بيروت :
-- مركز دراسات الوحدة العربية ،
Holdings
حالة التراجع حالة الفقد حالة تلف ليس للاعارة المكان المؤقت الموقع الحالى تاريخ الاكتساب اجمالي اﻻعارات رقم الطلب الباركود تاريخ اخر مشاهدة تاريخ تفعيل السعر نوع وعاء كوها
        مكتبة القاهرة الكبرى مكتبة القاهرة الكبرى 10/30/2014   341.25\ ي م 158807 10/30/2014 10/30/2014 كتاب

Powered By

EGPV